Hermenéutica de la modernidad: conversaciones con Silvio Vietta
保存先:
| 第一著者: | |
|---|---|
| フォーマット: | 図書 |
| 言語: | スペイン語 |
| 出版事項: |
Madrid
Trotta
2004
|
| シリーズ: | Mínima Trotta
|
| 主題: | |
| タグ: |
タグ追加
タグなし, このレコードへの初めてのタグを付けませんか!
|
MARC
| LEADER | 00000nam a2200000 a 4500 | ||
|---|---|---|---|
| 001 | UCK4417 | ||
| 003 | CL-VaPUC | ||
| 008 | 050603e20040000SP |||||||||||||||||spa|d | ||
| 020 | |a 8481646741 | ||
| 082 | 0 | 4 | |a 121.686 |b GAD |2 21 |
| 100 | 0 | |a Gadamer, Hans-Georg |e author |9 373562 | |
| 245 | 1 | 0 | |a Hermenéutica de la modernidad: conversaciones con Silvio Vietta |
| 300 | |a 110 p | ||
| 942 | |c BK | ||
| 945 | |d 20050603 00:00:00 |a jcarroza | ||
| 260 | |a Madrid |b Trotta |c 2004 | ||
| 600 | 0 | 7 | |a VIETTA, SILVIO |2 CL-VaPUC |9 492947 |
| 650 | 0 | |a Hermenéutica |9 269473 | |
| 650 | 0 | |a Conversaciones |9 314515 | |
| 583 | |a last modification |c 20050603 00:00:00 |k Rodrigo Vera | ||
| 490 | 0 | |a Mínima Trotta | |
| 999 | |c 313294 |d 313292 | ||
| 952 | |0 0 |1 2 |4 0 |6 121_686000000000000_GAD_2004 |7 0 |8 A |9 384550 |a BIBTEO |b BIBTEO |d 2019-11-22 |i 4135520 |o 121.686 GAD 2004 |p 4135520 |r 2019-11-22 |w 2019-11-22 |y BK |k ICR | ||